Human resource management : strategies for managing a diverse and global workforce
Αποθηκεύτηκε σε:
| Κύριος συγγραφέας: | |
|---|---|
| Άλλοι συγγραφείς: | , |
| Μορφή: | Βιβλίο |
| Γλώσσα: | English |
| Δημοσίευση: |
Fort Worth :
Dryden Press,
c2000
|
| Έκδοση: | 6th ed. |
| Θέματα: | |
| Ετικέτες: |
Προσθήκη ετικέτας
Δεν υπάρχουν, Καταχωρήστε ετικέτα πρώτοι!
|
MARC
| LEADER | 00000cam a2200000 i 4500 | ||
|---|---|---|---|
| 001 | 1/15462 | ||
| 008 | 010119s2000 eng d | ||
| 020 | |a 0-03-026161-9 | ||
| 035 | |l 10065416 | ||
| 040 | |a GR-MY-UA |b gre |e aacr | ||
| 041 | 0 | |a eng | |
| 082 | 0 | |a 658.3 | |
| 100 | 1 | |a Carrell, Michael R. | |
| 245 | 1 | 0 | |a Human resource management : |b strategies for managing a diverse and global workforce / |c Michael R. Carrell, Norbert F. Elbert, Robert D. Hatfield |
| 250 | |a 6th ed. | ||
| 260 | |a Fort Worth : |b Dryden Press, |c c2000 | ||
| 300 | |a xxiii, 488 p. | ||
| 504 | |a Includes indexes | ||
| 650 | 0 | 0 | |a Personnel management. |
| 700 | 1 | |a Elbert, Norbert F. | |
| 700 | 1 | |a Hatflied, Robert D. | |
| 852 | |a INST |b CHIOS |e 20010119 |h 658.3 CAR |p 005200017283 |q 005200017283 |t BK |y 0 | ||
| 901 | |a BIBL2-2001-1 | ||
| 909 | |a Χ |b 083223 | ||
| 970 | |a ΣΠΕΝΤΖΑ |b ΕΛΕΝΗ |z 2001/01/19 | ||